Sermones panegiricos de los santos más celebrados en la iglesia (Record no. 8158)
[ view plain ]
| 000 -CABECERA | |
|---|---|
| campo de control de longitud fija | 01835nam a2200265 a 4500 |
| 001 - NÚMERO DE CONTROL | |
| campo de control | BRCA_8491 |
| 003 - IDENTIFICADOR DEL NÚMERO DE CONTROL | |
| campo de control | FranzMayer |
| 005 - FECHA Y HORA DE LA ÚLTIMA TRANSACCIÓN | |
| campo de control | 20230724102901.0 |
| 008 - DATOS DE LONGITUD FIJA--INFORMACIÓN GENERAL | |
| campo de control de longitud fija | 290416s1785----sp-#######---#000-0#spa-# |
| 040 ## - FUENTE DE LA CATALOGACIÓN | |
| Centro catalogador/agencia de origen | MFM |
| Lengua de catalogación | ESP |
| Centro/agencia transcriptor | MFM |
| 041 ## - CÓDIGO DE LENGUA | |
| Código de lengua del texto/banda sonora o título independiente | spa |
| 044 ## - CÓDIGO DEL PAÍS DE LA ENTIDAD EDITORA/PRODUCTORA | |
| Código MARC del país | sp |
| 084 ## - OTRO NÚMERO DE CLASIFICACIÓN | |
| Número de clasificación | BE6 |
| Número de documento/Ítem | .J93 1785 |
| 100 1# - ENTRADA PRINCIPAL--NOMBRE DE PERSONA | |
| Nombre de persona | Juan Francisco |
| 9 (RLIN) | 21282 |
| 245 10 - MENCIÓN DE TÍTULO | |
| Título | Sermones panegiricos de los santos más celebrados en la iglesia |
| Mención de responsabilidad, etc. | compuestos por el R. P. Juan Francisco ; traducidos del francés al castellano por el R. P. Fr. Isidro Antonio Hurtado. |
| 260 ## - PUBLICACIÓN, DISTRIBUCIÓN, ETC. | |
| Lugar de publicación, distribución, etc. | Madrid |
| Nombre del editor, distribuidor, etc. | Por Blas Román |
| Fecha de publicación, distribución, etc. | 1785 |
| 300 ## - DESCRIPCIÓN FÍSICA | |
| Extensión | 400 p. (t.3) |
| Dimensiones | 21 x 15 cm. |
| 500 ## - NOTA GENERAL | |
| Nota general | En portada : ´Con una tabla de los pensamientos, y materias contenidas respectivamente en cada tomo, para uso de los Predicadores, hecha por el Autor de la Obra, y acomodada por el Traductor´ |
| 500 ## - NOTA GENERAL | |
| Nota general | Con marca de fuego : ´Procedencia de la marca: Convento de Santa Teresa Jesús de Querétaro(1). Institución: Orden de Carmelitas Descalzos. Provincia de San Alberto de México. Descripción: Variación sobre las armas de la Orden del Monte Carmelo. Un mantel sumado de una cruz patada y cargado de una letra capital Q. Al timbre, corona real abierta. Observaciones: Esta marca conserva tres elementos del escudo carmelita: la cruz, el mantel / monte y la corona de tres florones, simplificación de la de 12 estrellas (sentido místico del Apocalipsis) (2) ---------- En 2006 Fermín Campos sugirió que la inicial Q es la sigla de la palabra ´Querétaro´. Ubicación de la marca en el libro: Canto superior´ |
| 650 14 - PUNTO DE ACCESO ADICIONAL DE MATERIA--TÉRMINO DE MATERIA | |
| Término de materia o nombre geográfico como elemento de entrada | Sermones españoles |
| 9 (RLIN) | 21283 |
| 700 1# - PUNTO DE ACCESO ADICIONAL--NOMBRE DE PERSONA | |
| Nombre de persona | Hurtado, Isidro Antonio |
| Títulos y otros términos asociados al nombre | Fray |
| Término indicativo de función/relación | tr. |
| 9 (RLIN) | 21284 |
| 856 ## - LOCALIZACIÓN Y ACCESO ELECTRÓNICOS | |
| Nombre del host | http://www.marcasdefuego.buap.mx:8180/xmLibris/projects/firebrand/item.jsp?repository=marcas_de_fuego&key=1cac16ac.xml&num=19 |
| 902 ## - CATALOGADOR | |
| Iniciales | CFM |
| 942 ## - ELEMENTOS DE PUNTO DE ACCESO ADICIONAL (KOHA) | |
| Fuente del sistema de clasificación o colocación | Library of Congress Classification |
| Tipo de ítem Koha | Libros |
| Estado de retiro | Estado de pérdida | Fuente del sistema de clasificación o colocación | Estado dañado | No para préstamo | Código de colección | Localización permanente | Ubicación/localización actual | Fecha de adquisición | Fuente de adquisición | Total de préstamos | Signatura topográfica completa | Código de barras | Fecha visto por última vez | Precio válido a partir de | Tipo de ítem Koha |
|---|---|---|---|---|---|---|---|---|---|---|---|---|---|---|---|
| El ejemplar forma parte de la colección y puede ser consultado según las políticas vigentes. | Library of Congress Classification | Conventual Franz Mayer | Biblioteca del Museo Franz Mayer (Rogerio Casas-Alatriste) | Biblioteca del Museo Franz Mayer (Rogerio Casas-Alatriste) | 29/04/2016 | Donación | BE6 .J93 1785 | CFM00006 | 22/03/2019 | 22/03/2019 | Libros |